00338nam a2200133Ia 4500008004100000020001500041041001200056100001500068245004900083260003300132300000800165650001600173700001500189221030s9999 xx 000 0 und d a9971512394 aEnglish aS. Haykins 0aSignals & Systemscby S. Haykins, B. V. Veen bWilley Pub.aNew Delhic2010 a694 aBB Computer aB. V. Veen